[Event "New Delhi Parsvnath op 6th"]
[Site "New Delhi"]
[Date "2008.01.13"]
[Round "1"]
[White "Jaydeep, Sharma"]
[Black "Ashwin, Jayaram"]
[Result "0-1"]
[WhiteElo "1903"]
[BlackElo "2478"]
[PlyCount "60"]
[EventDate "2008.01.13"]
[EventType "swiss"]
[EventRounds "10"]
[EventCountry "IND"]
[SourceTitle "CBM 122 Extra"]
[Source "ChessBase"]
[SourceDate "2008.03.04"]
[SourceVersion "1"]
[SourceVersionDate "2008.03.04"]
[SourceQuality "1"]

1. e4 c5 2. c3 Nf6 3. e5 Nd5 4. d4 cxd4 5. Nf3 e6 6. cxd4 b6 7. Nc3 Nxc3 8. bxc3 Qc7 9. Qd3 Ba6 10. c4 Nc6 11. Bd2 d5 12. Qb3 dxc4 13. Bxc4 Nxd4 14. Qa4+ b5 15. Qxa6 Nxf3+ 16. gxf3 bxc4 17. Qb5+ Qd7 18. Qxc4 Rc8 19. Qb3 Bc5 20. Rd1 0-0 21. Bh6 Qe7 22. Be3 Bxe3 23. Qxe3 Rc2 24. Rd2 Rc1+ 25. Rd1 Qb4+ 26. Qd2 Rxd1+ 27. Kxd1 Qb1+ 28. Qc1 Rd8+ 29. Ke2 Qd3+ 30. Ke1 Rb8 0-1